A taste of fame #2 [Large Print] / Linda Evans ... Read More
Available copies
- 1 of 1 copy available at LARL/NWRL Consortium.
Current holds
0 current holds with 1 total copy.
Show Only Available Copies
| Location | Call Number / Copy Notes | Barcode | Shelving Location | Status | Due Date |
|---|---|---|---|---|---|
| Thief River Falls Public Library | lp SHE (Text) | 35500004552749 | Main | Available | - |
Record details
- ISBN: 9781602856066 (library binding : alk. paper)
- ISBN: 1602856060 (library binding : alk. paper)
- Physical Description: 479 p. (large print) ; 23 cm.
- Edition: Center Point large print ed.
- Publisher: Thorndike, Me. : Center Point Pub., 2009.
Content descriptions
| General Note: | Includes recipes, p..427-474 |
Search for related items by subject
| Subject: | Caterers and catering > Fiction. Reality television programs > Fiction. Women > Societies and clubs > Fiction. Women cooks > Fiction. Female friendship > Fiction. |
| Genre: | Christian fiction. Large type books. |
Search for related items by series
| LDR | 01373cam a22003738a 4500 | ||
|---|---|---|---|
| 001 | 110157 | ||
| 003 | LARL_NWRL_CONSORTIUM | ||
| 005 | 20091015124107.0 | ||
| 008 | 090619r20092009meu d 000 1 eng | ||
| 020 | . | ‡a9781602856066 (library binding : alk. paper) | |
| 020 | . | ‡a1602856060 (library binding : alk. paper) | |
| 035 | . | ‡a(OCoLC)406946214 | |
| 082 | 0 | 0. | ‡a813/.6 ‡222 |
| 100 | 1 | . | ‡aShepherd, Linda E., ‡d1957- ‡0(LARL_NWRL_CONSORTIUM)186199 |
| 245 | 1 | 2. | ‡aA taste of fame ‡n#2 ‡h[Large Print] / ‡cLinda Evans Shepherd and Eva Marie Everson. |
| 250 | . | ‡aCenter Point large print ed. | |
| 260 | . | ‡aThorndike, Me. : ‡bCenter Point Pub., ‡c2009. | |
| 300 | . | ‡a479 p. (large print) ; ‡c23 cm. | |
| 490 | 0 | . | ‡aPotluck Catering Club ; ‡v2 |
| 500 | . | ‡aIncludes recipes, p..427-474 | |
| 650 | 0. | ‡aCaterers and catering ‡vFiction. ‡0(LARL_NWRL_CONSORTIUM)164104 | |
| 650 | 0. | ‡aReality television programs ‡vFiction. ‡0(LARL_NWRL_CONSORTIUM)167069 | |
| 650 | 0. | ‡aWomen ‡xSocieties and clubs ‡vFiction. | |
| 650 | 0. | ‡aWomen cooks ‡vFiction. ‡0(LARL_NWRL_CONSORTIUM)167911 | |
| 650 | 0. | ‡aFemale friendship ‡vFiction. ‡0(LARL_NWRL_CONSORTIUM)164947 | |
| 655 | 7. | ‡aChristian fiction. ‡2gsafd | |
| 655 | 0. | ‡aLarge type books. | |
| 700 | 1 | . | ‡aEverson, Eva Marie. ‡0(LARL_NWRL_CONSORTIUM)131562 |
| 901 | . | ‡a110157 ‡bOCLC ‡c110157 ‡tbiblio | |

Add to basket
Permalink
Disable Highlighting